Movies Quiz

Random Movies or Decade Quiz

Top 10 Box Office Stars (1990s) Quiz Stats

Quiz Updated Sep 22, 2016

Challenge
Share
Tweet
Embed
Score 0/101 Timer 10:00
0 Plays Today
% Correct
Tom Hanks
85.9%
Tom Hanks
85.9%
Tom Hanks
85.9%
Tom Hanks
85.9%
Tom Hanks
85.9%
Tom Cruise
84.9%
Tom Cruise
84.9%
Tom Cruise
84.9%
Tom Cruise
84.9%
Tom Cruise
84.9%
Tom Cruise
84.9%
Tom Cruise
84.9%
Julia Roberts
78.8%
Julia Roberts
78.8%
Julia Roberts
78.8%
Julia Roberts
78.8%
Julia Roberts
78.8%
Julia Roberts
78.8%
Brad Pitt
76.8%
Will Smith
71.3%
Will Smith
71.3%
Harrison Ford
63.5%
Harrison Ford
63.5%
Harrison Ford
63.5%
Harrison Ford
63.5%
Harrison Ford
63.5%
Harrison Ford
63.5%
Bruce Willis
63.1%
Bruce Willis
63.1%
Leonardo DiCaprio
62.9%
Leonardo DiCaprio
62.9%
Robert De Niro
60.4%
Mel Gibson
57.2%
Mel Gibson
57.2%
% Correct
Mel Gibson
57.2%
Mel Gibson
57.2%
Mel Gibson
57.2%
Mel Gibson
57.2%
Mel Gibson
57.2%
Mel Gibson
57.2%
Mel Gibson
57.2%
Arnold Schwarzenegger
53.4%
Arnold Schwarzenegger
53.4%
Arnold Schwarzenegger
53.4%
Arnold Schwarzenegger
53.4%
Jim Carrey
53.1%
Jim Carrey
53.1%
Jim Carrey
53.1%
Jim Carrey
53.1%
Jack Nicholson
52.7%
Jack Nicholson
52.7%
Robin Williams
51.6%
Robin Williams
51.6%
Robin Williams
51.6%
Robin Williams
51.6%
Robin Williams
51.6%
Robin Williams
51.6%
Robin Williams
51.6%
Sylvester Stallone
51.6%
Eddie Murphy
50.7%
Tommy Lee Jones
50.1%
Tommy Lee Jones
50.1%
John Travolta
49.4%
John Travolta
49.4%
John Travolta
49.4%
Kevin Costner
48.7%
Kevin Costner
48.7%
Kevin Costner
48.7%
% Correct
Kevin Costner
48.7%
Kevin Costner
48.7%
Kevin Costner
48.7%
Adam Sandler
46.1%
Adam Sandler
46.1%
Demi Moore
44.5%
Clint Eastwood
44.5%
Clint Eastwood
44.5%
Sandra Bullock
42.8%
Sandra Bullock
42.8%
Sandra Bullock
42.8%
Richard Gere
42.8%
Meg Ryan
41.1%
Meg Ryan
41.1%
Michael Douglas
39.4%
Michael Douglas
39.4%
Michael Douglas
39.4%
Dustin Hoffman
38.3%
Cameron Diaz
37%
Sean Connery
36.4%
Sean Connery
36.4%
Jodie Foster
36%
Jodie Foster
36%
Mike Myers
35.6%
Tim Allen
30.9%
Patrick Swayze
29.2%
Billy Crystal
25.7%
Whoopi Goldberg
25.2%
Whoopi Goldberg
25.2%
Macaulay Culkin
23.3%
Macaulay Culkin
23.3%
Michelle Pfeiffer
22.8%
Steven Seagal
17.8%

You're not logged in!

Compare scores with friends on all Sporcle quizzes.
Join for Free
OR
Log In

You Might Also Like...

Show Comments

Extras

Top Quizzes Today


Score Distribution

Your Account Isn't Verified!

In order to create a playlist on Sporcle, you need to verify the email address you used during registration. Go to your Sporcle Settings to finish the process.

Report this User

Report this user for behavior that violates our Community Guidelines.

Details: